Quizzes
Events
Quiz Creation
Community
Videos
Private Events
Remove Ads
Sign In
Join for FREE
Feedback
Dark Mode
Quiz Categories
Sports
Geography
Music
Movies
Television
Just For Fun
Miscellaneous
History
Literature
Language
Science
Gaming
Entertainment
Religion
Holiday
For Kids
Quiz Lab
Recent
Popular Today
Quiz Kudos Today
Editor Picks
Curator Picks
Quizzes by...
Day
Popularity
Type
Ratings
Length
Year
Community
Subscriptions
Recent Discussions
Orange Saloon
Badges
Playlists
Quests
Create
Leaderboards
Showdown
Live 5
Trivia Bingo
Activity
Puzzle Library
Sporcle Events
Private Events
Virtual Trivia
Globe League
Become a Host
Pub Owners
SporcleCon
Opinionation
Our Games
Videos
Blog
Mobile Apps
Partnerships
Remove Ads and Go Orange
Feedback
Miscellaneous
Crossword
General Knowledge
Baby Names
Logo
Food
Cars
Numbers
Grab Bag
University
College
Popular
Company
Slogans
Restaurants
Justice
Letter
Miscellaneous
Crossword
General Knowledge
Baby Names
Logo
Food
Cars
Numbers
Grab Bag
University
College
Popular
Company
Slogans
Restaurants
Justice
Letter
Random Quiz
Search Sporcle
×
Quiz Lab
Quiz Lab
Miscellaneous
Berkshire
Type in answers that appear in a list
Type in answers that appear in a list
Classic
Best Score? Go Orange.
Berkshire Hathaway subsidiaries Stats
Can you name the Berkshire Hathaway subsidiaries?
By
artvandelay7
5m
51 Questions
80 Plays
80 Plays
80 Plays
Comments
Comments
Give Quiz Kudos
Give Quiz Kudos
-
- Ratings
hide this ad
Replay
Link that replays current quiz
Next Quiz
Link to next quiz in quiz playlist
You Got
0%
They Got
Avg Score
27%
Avg Friend Score
Upgrade to see
Score Distribution
Jump to the score distribution portion of the page
Score
0/51
Timer
05:00
0
Plays Today
% Correct
GEICO
83.8%
International Dairy Queen
72.5%
See's Candies
61.3%
Nebraska Furniture Mart
51.3%
Fruit of the Loom
45%
Borsheims
43.8%
NetJets
42.5%
General Re
40%
Clayton Homes
38.8%
Acme Brick
33.8%
MidAmerican Energy
33.8%
Iscar Metalworking
32.5%
Justin Brands
32.5%
Benjamin Moore
31.3%
Wesco Financial
31.3%
Shaw Industries
30%
Flight Safety
28.8%
CORT Business Services
27.5%
Helzberg Diamonds
27.5%
Marmon Holdings
27.5%
National Indemnity
27.5%
Star Furniture
27.5%
Pampered Chef
26.3%
Buffalo News
25%
Business Wire
25%
Ben Bridge Jeweler
23.8%
% Correct
Forest River
23.8%
Jordan's Furniture
23.8%
MiTek
22.5%
McLane
21.3%
Johns Manville
20%
TTI
20%
XTRA
20%
Berkshire Hathaway Homestates
18.8%
Garan
18.8%
Homeservices of America
18.8%
Medical Protective
18.8%
Scott Fetzer
18.8%
Berkshire Hathaway Group
17.5%
Fechheimer Brothers
17.5%
RC Willey Home Furnishings
17.5%
Boat U.S.
16.3%
HH Brown Shoe
16.3%
Larson-Juhl
16.3%
Applied Underwriters
13.8%
CTB
13.8%
Central States Indemnity
12.5%
Precision Steel Warehouse
12.5%
Gateway Underwriters Agency
11.3%
Richline Group
11.3%
United States Liability Insurance Group
11.3%
Quiz Playlist
Details
Report
Send in Message
Add To Playlist
Classic:
Type in answers that appear in a list
Quiz Source
Last Updated: Feb 16, 2017
Quiz Scoreboard
CHALLENGE
Sign Up to Join the Scoreboard
Show All
Scores
Hide
Comments
May contain spoilers
Recently Published
College Basketball Coaching Resumes
by pancakes188
Sports
9m
Billboard Blitz: Fleetwood Mac
by CooCooCachoo
Music
15s
Presidents Visiting Landmarks
by Hejman
History
7m
More to Explore
Quiz From the Vault
Featured Blog Post
Where Did the Easter Bunny Come From?
hide this ad
You Might Also Like...
Tags
Berkshire
Subsidiary
Today's Top Quizzes in Miscellaneous
Browse Miscellaneous
hide this ad
Top Contributed Quizzes in Miscellaneous
1
5-to-1: Fast Food
2
The JOE quick-fire general knowledge quiz: Day 174
3
The JOE quick-fire general knowledge quiz: Day 173
4
5-to-1: Cocktails
5
The JOE quick-fire general knowledge quiz: Day 172
6
Sunday Crossword: Famous Bodies of Water
7
The JOE quick-fire general knowledge quiz: Day 171
8
One Thing in Common: United Kingdom II
9
Named After an Animal - Odd One Out!
10
The JOE quick-fire quiz: Day 170
Explore More
Trending Topics
Anime
Harry Potter
Disney
Kpop
NBA
Crossword
Marvel
Song
The Office
NFL
Puzzle
Soccer
Pokémon
Country
WWE
hide this ad
More By:
artvandelay7
Quiz
Plays
Rating
Category
Featured
Created
Berkshire Hathaway subsidiaries
80
5.00
Miscellaneous
Oct 16, 2009
Go to Creator's Profile
Score Distribution
Quiz Creator Spotlight
artvandelay7
Follow
Send a Message
Quizzes Created
-
Created Quiz Play Count
-
More By This Creator
Popular Quizzes Today
1
Find the US States - No Outlines Minefield
2
Find the Countries of Europe - No Outlines Minefield
3
The Countries of the World
4
Find the US States
5
Risky Map Clicking: Biggest States A-Z
6
US States
7
Popular People in 1961
8
Movies - When Are They Set?
More Miscellaneous Quizzes
Quadruplet Phrases
Published
Trending Quizzes
Risky Map Clicking: Least Populous States A-Z
1-10 Letter G Words
1-10 Letter F Words
Risky Map Clicking: Next State Alphabetically
Adjectives in 80s TV Shows
Recently Updated
Leaping Animals
pecheneg
Reality TV Shows (A-Z)
bhenderson79
Rickey Henderson's Hall of Fame Teammates
pecheneg
Champions League XIs: Arsenal
pecheneg
Quick Pick: Celebrities in WWE's Hall of Fame
aduchscher
A-Z Keypad Blitz II
pecheneg
Multiple Oscar Actors
pecheneg
Mystery Phrase Blitz: Oscar 'Best Actors'
pecheneg
F. Scott Fitzgerald Novels
LTH
Pick 3 Villains
ddd62291
Trending Topics
NBA
Anime
Kpop
Harry Potter
Disney
Marvel
Crossword
Country
Song
NFL
Soccer
Pokémon
WWE
The Office
Puzzle
Your Account Isn't Verified!
In order to create a playlist on Sporcle, you need to verify the email address you used during registration. Go to your
Sporcle Settings
to finish the process.
Report this User
Report this user for behavior that violates our
Community Guidelines
.
Details:
Send Report
Go to the Sporcle.com Mobile Site →
Comments